| 000 | 00466nam a2200157Ia 4500 | ||
|---|---|---|---|
| 005 | 20250508155209.0 | ||
| 008 | 008 250505s9999 xx 000 0 eng d | ||
| 037 | _aBooks to be hide in OPAC | ||
| 040 |
_aFEDL _beng _cFEDL |
||
| 041 |
_aeng _2eng |
||
| 084 |
_a378.54, ROO/O _qFEDL |
||
| 245 | 0 | _aAnnual report of the university of Roorkee for the academic year 1959-60 | |
| 300 | _a87p. | ||
| 942 |
_cHB _h378.54, ROO/O |
||
| 999 |
_c1355138 _d1355138 |
||